[Event "UKR-chT"]
[Site "Simferopol"]
[Date "1991.??.??"]
[Round "?"]
[White "Boidman, V."]
[Black "Frolov, Artur"]
[Result "1-0"]
[WhiteElo "2335"]
[BlackElo "2450"]
[PlyCount "77"]
[EventDate "1991.??.??"]
[EventType "team"]
[EventRounds "11"]
[EventCountry "UKR"]
[SourceTitle "TD"]
[Source "ChessBase"]
[SourceDate "1994.03.01"]
[SourceVersion "1"]
[SourceVersionDate "1994.03.01"]
[SourceQuality "1"]

1. d4 Nf6 2. Nf3 g6 3. Bf4 Bg7 4. e3 c5 5. c3 b6 6. h3 Bb7 7. Be2 0-0 8. 0-0 Nc6 9. Nbd2 Re8 10. a4 d5 11. Ne5 Nd7 12. Nxc6 Bxc6 13. Nf3 e5 14. dxe5 Nxe5 15. Nxe5 Bxe5 16. Bxe5 Rxe5 17. Bf3 Qf6 18. a5 Rb8 19. axb6 Rxb6 20. Ra5 Rxb2 21. Rxc5 Bb5 22. Qa1 Rb3 23. Bd1 Bxf1 24. Bxb3 Bc4 25. Qxa7 Bxb3 26. Qb8+ Kg7 27. Qxb3 Rf5 28. Qa2 Qd6 29. Ra5 h5 30. Qd2 Qc6 31. Qd4+ Kh7 32. Rc5 Qb7 33. Qb4 Qa6 34. Qb2 Qd3 35. Rc8 Qd1+ 36. Kh2 Qf1 37. c4 f6 38. Qb7+ Kh6 39. h4 1-0